| 000 | 01341cam a22004094a 4500 | ||
|---|---|---|---|
| 001 | muse78483 | ||
| 003 | MdBmJHUP | ||
| 005 | 20210127151408.0 | ||
| 006 | m o d | ||
| 007 | cr||||||||nn|n | ||
| 008 | 821021s1960 mdu o 00 0 eng d | ||
| 010 | _z 60011204 | ||
| 020 | _a9781421434728 | ||
| 020 | _z9781421434711 | ||
| 035 | _a(OCoLC)1123124110 | ||
| 040 |
_aMdBmJHUP _cMdBmJHUP |
||
| 050 | 0 | 4 |
_aJK155 _b.D5 |
| 082 | 0 | _a342.733 | |
| 100 | 1 | _aDietze, Gottfried. | |
| 245 | 1 | 4 |
_aThe Federalist _bA Classic on Federalism and Free Government |
| 264 | 1 | _bJohns Hopkins Press | |
| 264 | 3 | _bProject MUSE, | |
| 300 | _a1 online resource (ix, 378 p.) | ||
| 504 | _aBibliographical footnotes. Bibliography: p. 355-358. | ||
| 506 | 0 |
_aOpen Access _fUnrestricted online access _2star |
|
| 588 | _aDescription based on print version record. | ||
| 630 | 0 | 0 | _aFederalist. |
| 650 | 0 |
_aConstitutional law _zUnited States. |
|
| 655 | 7 |
_aElectronic books. _2local |
|
| 710 | 2 |
_aProject Muse. _edistributor |
|
| 830 | 0 | _aBook collections on Project MUSE. | |
| 856 | 4 | 0 |
_zFull text available: _uhttps://muse.jhu.edu/book/68470/ |
| 999 |
_c25629 _d25629 |
||